000 01303nam0a22003251 4500
001 rc\3433643
005 20260319092141.0
021 _aRU
_b[72-87325]
035 _a(NLR Aleph) 007587192
090 _a5571769
_c5571769
100 _a20130115d1972 u y0rusy50 ca
101 0 _arus
_aeng
102 _aRU
105 _ay e |||||
200 1 _aАнгло-русский словарь по авиационно-космической медицине
_fСост. канд. мед. наук А.А. Гюрджиан, Н.М. Хватков
210 _aМосква
_cВоениздат
_d1972
215 _a386 с.
_d20
300 _aНа пер. сост. не указаны
320 _aСписок лит.: с. 7
606 _aКосмическая медицина
_jТерминологические словари
_2psbo
606 _aАвиационная медицина
_jТерминологические словари
_2psbo
608 _aАнгло-русские словари
_2psbo
700 1 _aГюрджиан
_bА. А.
_f1924-2000
_gАрмен Арамович
_4220
701 1 _aХватков
_bН. М.
_4220
801 0 _aRU
_bNLR
_gpsbo
801 1 _aRU
_bELAR
_2rusmarc
852 _aNLR
_j186анг-рус/мед.Г-99
942 _cBOOK
980 _aNB